[Event "Cappelle rapid op 2nd"]
[Site "Cappelle la Grande"]
[Date "2020.02.29"]
[Round "1"]
[White "Nguyen Cadoret, Nathan"]
[Black "Gareyev, Timur"]
[Result "0-1"]
[WhiteElo "2193"]
[BlackElo "2607"]
[PlyCount "72"]
[EventDate "2020.02.29"]
[EventType "swiss (rapid)"]
[EventRounds "9"]
[EventCountry "FRA"]
[SourceTitle "CBM 195 Extra"]
[Source "ChessBase"]
[SourceDate "2020.05.31"]
[SourceVersion "1"]
[SourceVersionDate "2020.05.31"]
[SourceQuality "1"]

1. d4 d5 2. c4 e6 3. Nf3 Nd7 4. g3 dxc4 5. Bg2 Rb8 6. a4 a6 7. 0-0 Ngf6 8. Qc2 b5 9. Ne5 Nxe5 10. dxe5 Nd5 11. Rd1 Qd7 12. Bg5 Be7 13. e4 Bxg5 14. exd5 0-0 15. Nc3 Bd8 16. axb5 axb5 17. Ne4 exd5 18. Rxd5 Qf5 19. g4 Qg6 20. Ra3 Bxg4 21. h3 Bf5 22. Rg3 Qe6 23. Qd2 Bh4 24. Ng5 Qg6 25. Qf4 Bxg3 26. fxg3 h6 27. Nf3 Be6 28. Rd2 b4 29. Nd4 c3 30. bxc3 bxc3 31. Rc2 c5 32. Nxe6 Rb1+ 33. Kh2 fxe6 34. Qe4 Qxe4 35. Bxe4 Rb2 36. Kg2 c4 0-1

[Event "Cappelle op 36th"]
[Site "Cappelle la Grande"]
[Date "2020.02.26"]
[Round "7"]
[White "Nguyen Cadoret, Nathan"]
[Black "Dimitrov, Radoslav"]
[Result "0-1"]
[WhiteElo "2193"]
[BlackElo "2519"]
[PlyCount "144"]
[EventDate "2020.02.22"]
[EventType "swiss"]
[EventRounds "9"]
[EventCountry "FRA"]
[SourceTitle "CBM 195 Extra"]
[Source "ChessBase"]
[SourceDate "2020.05.31"]
[SourceVersion "1"]
[SourceVersionDate "2020.05.31"]
[SourceQuality "1"]

1. d4 Nc6 2. d5 Nb8 3. e4 d6 4. Nf3 Nf6 5. Nc3 g6 6. Be2 Bg7 7. 0-0 0-0 8. h3 c6 9. Be3 b5 10. a3 a6 11. Qd2 cxd5 12. exd5 Bb7 13. Rfe1 Nbd7 14. Nh2 Nb6 15. Bxb6 Qxb6 16. Bf3 Rfe8 17. Ng4 Nxg4 18. hxg4 Rac8 19. Rab1 Qd4 20. Qxd4 Bxd4 21. Ne2 Be5 22. c3 Rc4 23. Rbd1 Bf6 24. Nd4 Kf8 25. Nc2 Bc8 26. Ne3 Rc5 27. Kf1 Bd7 28. Rd2 a5 29. Red1 b4 30. axb4 axb4 31. cxb4 Rb5 32. Nc2 Rb6 33. Nd4 Rxb4 34. b3 Rc8 35. Be2 h6 36. f3 Bxd4 37. Rxd4 Rxb3 38. R4d3 Rxd3 39. Bxd3 Rc5 40. Be4 f5 41. gxf5 gxf5 42. Bb1 Ba4 43. Rd4 Bb3 44. Bxf5 Bxd5 45. Bd3 Bf7 46. Kf2 h5 47. g3 Kg7 48. Rb4 Rc3 49. Rd4 Ra3 50. Be2 Ra2 51. Ke3 Rb2 52. Rd2 Rb6 53. Rd3 Bg6 54. Ra3 Rb4 55. Bd3 Bf7 56. f4 Kf6 57. Ra6 Rb3 58. Ke2 Rb2+ 59. Kf1 Rd2 60. Bb5 h4 61. gxh4 Rd4 62. Kf2 Rxf4+ 63. Kg3 Rb4 64. Be2 Rb3+ 65. Kg4 Be6+ 66. Kf4 Rh3 67. h5 Bf7 68. Bg4 Rb3 69. h6 Bg6 70. Bd7 Rb4+ 71. Ke3 Rh4 72. Ra4 Rxh6 0-1

[Event "FRA-ch op-B"]
[Site "Agen"]
[Date "2016.??.??"]
[Round "1"]
[White "Colas, Philippe"]
[Black "Nguyen Cadoret, Nathan"]
[Result "1-0"]
[WhiteElo "1870"]
[BlackElo "1850"]
[PlyCount "63"]
[EventDate "2016.08.12"]
[EventType "swiss"]
[EventRounds "9"]
[EventCountry "FRA"]
[SourceTitle "EXT 2017"]
[Source "ChessBase"]
[SourceDate "2016.10.25"]
[SourceVersion "1"]
[SourceVersionDate "2016.10.25"]
[SourceQuality "1"]

1. c4 e5 2. Nc3 Nf6 3. Nf3 Nc6 4. d4 exd4 5. Nxd4 Bb4 6. Bg5 Ne4 7. Bxd8 Nxc3 8. Nxc6 Nxd1+ 9. Nxb4 Nxb2 10. Bxc7 Nxc4 11. e3 Nb6 12. Bxb6 axb6 13. Nd5 0-0 14. Nxb6 Rb8 15. Rc1 d6 16. Rxc8 Rfxc8 17. Nxc8 Rxc8 18. Kd2 Kf8 19. a4 Ke7 20. Bd3 Ra8 21. Bb5 Rf8 22. Rc1 Kd8 23. Kd3 f5 24. Kd4 Rf6 25. Kd5 Rg6 26. g3 Rh6 27. h4 Rf6 28. Rc4 Rg6 29. Rb4 Rf6 30. Bd3 Kc7 31. Rf4 g6 32. g4 1-0